000 00879nam a2200217Ii 4500
003 JO-AjNU
008 230605s9999||||xx |||||||||||||| ||und||
017 _a2011/21230
020 _a977-246-133-1
040 _aJO-AjNU
_bara
_erda
_cJO-AjNU
041 _aara
050 1 4 _aTA636 2011
100 3 _aحسن، ناطق صبري ,
_eauthor
_951933
245 0 0 _aدليل المهندسين في تصميم العنلصر والمنشات السلحة وتنفيذها ج1:التصميم المرن للكمرات والاعمدة والبلاطات والحوائط والكوابيل القصيرة
264 3 1 _aاسيوط: مطبعة المختار ،2011
300 _a1378ص
336 _atext
_btxt
_2rdacontent
337 _aunmediated
_bn
_2rdamedia
338 _avolume
_bnc
_2rdacarrier
650 4 _aالمنشات الخرسانية -تصميم المرن
_951934
999 _aA22975
_c26543
_d26543